
Library Catalogue

| 000 -LEADER | |
|---|---|
| fixed length control field | 01264nam a2200229Ia 4500 |
| 003 - CONTROL NUMBER IDENTIFIER | |
| control field | OSt |
| 005 - DATE AND TIME OF LATEST TRANSACTION | |
| control field | 20220114160859.0 |
| 008 - FIXED-LENGTH DATA ELEMENTS--GENERAL INFORMATION | |
| fixed length control field | 160316s2000 xxu||||| |||| 00| 0 eng d |
| 020 ## - INTERNATIONAL STANDARD BOOK NUMBER | |
| International Standard Book Number | 1841740047 |
| 040 ## - CATALOGING SOURCE | |
| Transcribing agency | . |
| 082 ## - DEWEY DECIMAL CLASSIFICATION NUMBER | |
| Classification number | 345.05 ADV |
| Item number | ADV |
| 100 ## - MAIN ENTRY--PERSONAL NAME | |
| Personal name | |
| 245 ## - TITLE STATEMENT | |
| Title | Advanced criminal litigation in practice |
| 250 ## - EDITION STATEMENT | |
| Edition statement | 4th |
| 260 ## - PUBLICATION, DISTRIBUTION, ETC. | |
| Place of publication, distribution, etc. | London |
| Name of publisher, distributor, etc. | Blackstone Press Pvt. Ltd. |
| Date of publication, distribution, etc. | 2000 |
| 300 ## - PHYSICAL DESCRIPTION | |
| Extent | 207p |
| Dimensions | xvii |
| 365 ## - TRADE PRICE | |
| Price amount | Rs.1,654.69 |
| 505 ## - FORMATTED CONTENTS NOTE | |
| Formatted contents note | Contents;<br/>Foreword;<br/>Tables Of Statutes;<br/>PART-I Evidence and Procedure;<br/>1. Introduction;<br/>2. Disclosure;<br/>3. Search and Seizure;<br/>4. Multiple Defendants; Evidential Points<br/>5. Identification Evidential points<br/>6. European convention on human rights<br/>PART-II Substantive Law<br/>7. Dangerous Drugs<br/>8. Public order offences<br/>9. offensive Weapons<br/>10. Road traffic offences; general <br/>11. Drink driving offences <br/>12. Road traffic offences; Penalties<br/>13. Regulatory law<br/>PART-III A case to prepare<br/>14. I introduction to the sample brief<br/>15. R v Spring, Hanson and others<br/>16. Sample advice in R v Spring, Hanson and others<br/>Appendix;<br/>Index<br/><br/> |
| 650 ## - SUBJECT ADDED ENTRY--TOPICAL TERM | |
| Topical term or geographic name entry element | 1. Criminal Law - Practice - Procedure - U K2. Criminal Litigation - U K3. Inns of Court School of Law |
| 700 ## - ADDED ENTRY--PERSONAL NAME | |
| Personal name | |
| -- | |
| 942 ## - ADDED ENTRY ELEMENTS (KOHA) | |
| Source of classification or shelving scheme | Dewey Decimal Classification |
| Koha item type | BOOKs |
| Withdrawn status | Lost status | Damaged status | Not for loan | Home library | Current library | Shelving location | Date acquired | Cost, normal purchase price | Total Checkouts | Full call number | Barcode | Date last seen | Price effective from | Koha item type |
|---|---|---|---|---|---|---|---|---|---|---|---|---|---|---|
| . | . | Library Compactors | 30.05.2017 | 1654.69 | 345.05 ADV | 15762 | 30.05.2017 | 30.05.2017 | BOOKs |